000 00488nam a2200169Ia 4500
003 GCL
008 140319s9999 xx 000 0 ara d
040 _aGCL /
_cGCL
082 0 4 _a217
_bع ن
100 1 _aعبدالقادر زكى
245 1 0 _aالنفحة العلية فى ادوار الشاذلية /
_cعبدالقادر زكى
260 _a[S.N] :
_bمكتبة المتنبى
300 _a264 ص
490 _a
650 0 4 _aالطرق الاسلامية
942 _2ddc
_cBK
999 _c30006
_d30006